000 01796 a2200277 4500
001 40440
005 20260407155657.0
008 260407a2014 arg spa d
003 AR-UNSa-BCEJYS
040 _aAR-UNSa-BCEJYS
_bspa
_cAR-UNSa-BCEJYS
080 _a349.2(094.5)
_x(Legislación del trabajo (Legislación laboral, contrato de trabajo,procedimiento laboral,riesgo laboral etc.))
245 1 0 _aLeyes fundamentales del trabajo
_psus reglamentos y anotaciones complemetarias
020 _a978-987-03-2729-5
250 _a13a. ed.
264 1 _aBuenos Aires :
_bLa Ley
_c2014
300 _a413 p.
_c24 cm.
505 _a1. Ley de contrato de trabajo - 2. Pequeñas empresas - 3. Régimen de pasantías - 4. Ley Nacional de empleo - 5. Ley de riesgos de trabajo - 6. Asociaciones sindicales - 7. Convenciones colectivas de trabajo - 8. Huelga en los servicios esenciales - 9. Procedimiento para la negociación colectiva - 10. Conciliación obligatoria - 11. Reforma laboral - 12. Régimen laboral - 13. Sociedades laborales - 14. Jornada de trabajo
041 _aspa
942 _cBK
590 _aniveau_biblio:m niveau_hierar:0
100 1 _aFernández Madrid, Juan Carlos
700 1 _aCaubet, Amanda Beatriz
650 _aLey Nº 20.744 Ley Nº 21.297 Ley Nº 26.427 Ley Nº 24.013 Ley Nº 24.557 Ley Nº 26.773 Ley Nº 23.551 Ley Nº 14.250 Ley Nº 25.877 Ley Nº 23.546 Ley Nº 14.786 Ley Nº 25.013 Ley Nº 25.877 Ley Nº 11.544
856 4 1 _uhttps://biblioeco.unsa.edu.ar/pmb/images/libros/L125821.jpg
_yImagen de portada
_qimage/jpeg
650 _a ley nº 20 744 ley nº 21 297 ley nº 26 427 ley nº 24 013 ley nº 24 557 ley nº 26 773 ley nº 23 551 ley nº 14 250 ley nº 25 877 ley nº 23 546 ley nº 14 786 ley nº 25 013 ley nº 25 877 ley nº 11 544
999 _c3207
_d3207